01145nam a2200313Ia 4500001000900000003000500009005001700014008004100031010001100072020001800083040000900101082002100110100002700131245013800158260003100296300001600327500007100343590001900414650004200433650003500475700003900510700003100549901002100580902000600601905006300607942001500670999001900685952012700704dia_6272CHAP20231130123554.0220117s1988 xx 000 0 und d a177739 a958-04-4172-3 cCHAP a658.562 I84 1988 aIshikawa, Kaoru960555 a¿Qué es el control total de calidad? : la modalidad japonesa /c Kaoru Ishikawa ; traducción David J. Lu y Margarita Cárdenas aColombia :b Norma,c1988 axix, 209 p. aTítulo original: What is total quality control? The japanese way aTS156 I88 1988 aControl de calidadxJapón 9154134 aQuality controlxJapan9154135 aCárdenas, Margarita, tr.9154136 aLu, David J., tr. 9154137 a658.562 I84 1988 aA a5232271988 ck mn 8222223322spa16 cLIBRO2ddc c177739d177739 00102ddc40708GRALaIA_bIA_d2022-01-18f1l0o658.562 I84 1988pdia_001289r2022-01-18 00:00:00t1w2022-01-18yLIBRO